Cambodian Diaspora - Statistics

General Stats
  • This quiz has been taken 127 times
  • The average score is 12 of 13
Answer Stats
Hint Answer % Correct
1,147,000 Thailand
99%
332,700 United States of America
99%
1,400,000 Vietnam
99%
3,900 Laos
98%
30,100 Malaysia
94%
80,000 France
93%
25,200 Canada
91%
9,200 Japan
91%
36,900 Australia
90%
800 Singapore
90%
49,100 South Korea
84%
6,900 New Zealand
79%
6,000 Taiwan
72%
No matching quizzes found
Score Distribution
Percent of People with Each Score
Percentile by Number Answered
Your Score History
You have not taken this quiz